000 00678nam a2200205Ia 4500
003 GCL
008 140319s9999 xx 000 0 ara d
020 _a0595723977
040 _aGCL /
_cGCL
082 0 4 _a549.12
_bم ف
100 1 _aمصطفى كمال محمد
245 1 0 _aفيزياء المعادن وتكنولوجيا السبائك المعدنية /
_cمصطفى كمال محمد
250 _aالاولى
260 _aالقاهرة :
_bايتراك للنشر والتوزيع ،
_c2001
300 _a408 ص ؛
_c24 سم
650 0 4 _aالتعدين
650 0 4 _aالمعادن الفيزيائى، علم
650 0 4 _aالسبائك
942 _2ddc
_cBK
999 _c5325
_d5325